Statistics for Fire Emblem Heroes: Green Units

Click here to take the quiz!

General Stats

  • This quiz has been taken 42 times
    (11 since last reset)
  • The average score is 175 of 224

Answer Stats

Unit Name% Correct
Alfonse (spring)
100%
Alm & Celica (duo/Day of Devotion)
100%
Anna
100%
Annette
100%
Bruno (winter)
100%
Byleth (m/legendary)
100%
Caeda & Plumeria (summer)
100%
Camilla
100%
Camilla (spring)
100%
Caspar (summer)
100%
Cath
100%
Celica (legendary)
100%
Céline
100%
Cherche
100%
Cherche (ninja)
100%
Chrom (spring)
100%
Chrom (winter)
100%
Corrin & Elise (duo/ninja)
100%
Corrin (f/dream)
100%
Corrin (m/harvest)
100%
Dagr
100%
Dagr & Nótt (duo/New Year)
100%
Dedue
100%
Deirdre
100%
Dimitri (summer)
100%
Edelgard
100%
Edelgard (CYL)
100%
Edelgard (legendary)
100%
Eir (ascended)
100%
Eitri
100%
Elise (summer)
100%
Ephraim (CYL)
100%
Fae
100%
Fae (winter)
100%
Fjorm (ascended)
100%
Fjorm (New Year)
100%
Flame Emperor
100%
Freyja
100%
Gerome
100%
Greil (Day of Devotion)
100%
Gunnthrá
100%
Gustav (Day of Devotion)
100%
Gustav (fallen)
100%
Hector
100%
Hector (Day of Devotion)
100%
Hector (legendary)
100%
Hel
100%
Helbindi
100%
Hilda
100%
Hilda (ascended)
100%
Hinoka & Camilla (duo/pirate)
100%
Hinoka (hot spring)
100%
Ike (CYL)
100%
Ilyana (baby)
100%
Jill
100%
Julia
100%
Laevatein (ninja)
100%
Laevatein (summer)
100%
L'Arachel (harvest)
100%
Legion
100%
Leo (Day of Devotion)
100%
Leo (picnic)
100%
Lissa (winter)
100%
Lyn (legendary)
100%
Marth (bridal)
100%
Micaiah (CYL)
100%
Morgan (f/fallen)
100%
Myrrh
100%
Nino
100%
Nino (flying)
100%
Olwen (alt)
100%
Ótr
100%
Peony & Triandra (duo/New Year)
100%
Rath
100%
Reyson
100%
Robin (f)
100%
Robin (f/fallen/harvest)
100%
Robin (m/fallen)
100%
Robin (m/legendary)
100%
Shamir
100%
Shamir (ninja)
100%
Sharena (spring)
100%
Sonya
100%
Sonya & Tharja (duo/spring)
100%
Sothis (winter)
100%
Sue
100%
Surtr
100%
Sylvain (summer)
100%
Thórr
100%
Thrasir
100%
Tiki (adult/summer)
100%
Tiki (CYL)
100%
Triandra
100%
Veronica & Xander (duo/pirate)
100%
Veronica (spring)
100%
Xander (legendary)
100%
Xander (summer)
100%
Yarne
100%
Ylgr (summer)
100%
Ymir
100%
Amelia
75%
Arthur
75%
Artur (winter)
75%
Asbel
75%
Atlas
75%
Azura & Leanne (duo/desert)
75%
Balthus
75%
Bartre
75%
Bernadetta (winter)
75%
Black Knight (winter)
75%
Catria & Thea (duo/wedding)
75%
Ced
75%
Dieck
75%
Effie (Day of Devotion)
75%
Eirika (summer)
75%
Elincia (dancer)
75%
Elm (New Year)
75%
Frederick
75%
Gatekeeper
75%
Gerik
75%
Gunter
75%
Haar
75%
Hinata (wedding)
75%
Inigo (dancer)
75%
Inigo (spring)
75%
Jaffar (winter)
75%
Kaden
75%
Kana (f)
75%
Kris (m/desert)
75%
Lethe (New Year)
75%
Letizia
75%
Lewyn
75%
Lex
75%
Lilina (Day of Devotion)
75%
Linus
75%
Lucina (Day of Devotion)
75%
Lugh
75%
Merric
75%
Merric (baby)
75%
Mist (Day of Devotion)
75%
Mordecai (flame festival)
75%
Nagi
75%
Narcian
75%
Nils (harvest)
75%
Orochi
75%
Pent
75%
Python
75%
Ranulf
75%
Rennac
75%
Rhajat
75%
Rhea (harvest)
75%
Ricken
75%
Roy & Eliwood (wedding)
75%
Saleh (spring)
75%
Seidr
75%
Selena (summer)
75%
Seth (summer)
75%
Shez (f)
75%
Sothe (thief festival)
75%
Tana & Peony (duo/flame festival)
75%
Tharja (desert)
75%
Titania
75%
Walhart
75%
Yune
75%
Astrid
50%
Azura (baby)
50%
Azura (New Year)
50%
Azura (Nohr alt)
50%
Basilio
50%
Bastian
50%
Beruka
50%
Boey
50%
Boyd (baby)
50%
Brigand Boss
50%
Caellach
50%
Cecilia
50%
Charlotte
50%
Darros (pirate)
50%
Dorcas
50%
Dorcas (harvest)
50%
Echidna
50%
Felicia (picnic)
50%
Fir (spring)
50%
Ganglöt
50%
Hana (ninja)
50%
Hans
50%
Hawkeye
50%
Henry (harvest)
50%
Innes (summer)
50%
Kagero (harvest)
50%
Keaton (New Year)
50%
Lachesis (dancer)
50%
Larcei (scion)
50%
Libra
50%
Lifis (pirate)
50%
Luthier
50%
Maria (spring)
50%
Michalis
50%
Minerva
50%
Minerva (baby)
50%
Mustafa
50%
Ninian (legendary)
50%
Osian
50%
Raven
50%
Rinkah
50%
Ross
50%
Sanaki (wedding)
50%
Sedgar
50%
Sheena
50%
Soren
50%
Vyland
50%
Barst
25%
Gonzalez
25%
Limstella
25%
Ludveck
25%
Lyon (fallen)
25%
Mamori
25%
Nailah (bridal)
25%
Reinhardt (dancer)
25%
Ursula (mage festival)
25%
Wolt (summer)
25%
Zelot (wedding)
25%
Karla & Freyja (duo/spring)
0%

Score Distribution

Percentile by Number Answered

Percent of People with Each Score

Your Score History

You have not taken this quiz since the last reset